Vlaggen met het Meeste Rood - Statistieken

Algemene statistieken
  • Deze quiz is 2.739 keer genomen
  • De gemiddelde score is 12 van 15
Antwoordstatistieken
Foto Hint Antwoord % Correct
97.6% China
99%
93.8% Turkije
98%
80.1% Zwitserland
98%
87.4% Albanië
97%
98.3% Marokko
95%
76.0% Denemarken
94%
80.0% Letland
88%
93.2% Vietnam
88%
77.1% Montenegro
84%
90.4% Tunesië
84%
75.0% Taiwan
68%
92.0% Kirgizië
62%
82.9% Tonga
55%
75.0% Samoa
49%
75.0% Oost-Timor
48%
Geen overeenkomende quizzen gevonden
Scoreverdeling
Procent van Mensen met Elke Score
Percentiel versus Aantal Correcte Antwoorden
Uw Scoregeschiedenis
U heeft deze quiz nog niet genomen